Construcción de sistemas operativos : un curso práctico /
Guardado en:
| Autor Principal: | |
|---|---|
| Autor Corporativo: | |
| Formato: | Libro |
| Idioma: | Spanish |
| Publicado: |
Buenos Aires :
Kapelusz,
[1988]
|
| Edición: | [Ed. preliminar]. |
| Etiquetas: |
Agregar Etiqueta
Sin Etiquetas, Sea el primero en etiquetar este registro!
|
| LEADER | 00942nam a22002055a 4500 | ||
|---|---|---|---|
| 001 | MAT.inmabb004882 | ||
| 008 | 080724s1988####ag#######b####000#0#spa#d | ||
| 005 | 20160606162919.0 | ||
| 245 | 1 | 0 | |a Construcción de sistemas operativos : |b un curso práctico / |c Jorge L. Boria. |
| 250 | |a [Ed. preliminar]. | ||
| 260 | |a Buenos Aires : |b Kapelusz, |c [1988] | ||
| 300 | |a 1 v. (varias paginaciones) ; |c 23 cm. | ||
| 500 | |a "... Forma parte de la colección editada para la IV Escuela Brasileño-Argentina de Informática, realizada en Termas de Río Hondo, Santiago del Estero, Argentina, del 16 al 29 de enero de 1989."--Cubierta. | ||
| 504 | |a Incluye referencias bibliográficas. | ||
| 020 | |a 9501398765 | ||
| 100 | 1 | |a Boria, Jorge L. | |
| 711 | 2 | |a Escola Brasileiro-Argentina de Informática |n (4ª : |d 1989 : |c Termas de Río Hondo) | |
| 084 | |a 68N25 |2 msc2000 | ||
| 859 | |h 68 |i B734 |p A-6197 |b BIB. MATEMATICA | ||
| 859 | |h 68 |i B734 |p A-6198 |t Ej. 2 |b BIB. MATEMATICA | ||
